| 000 | 01285nam a22002417a 4500 | ||
|---|---|---|---|
| 005 | 20120229150836.0 | ||
| 010 | _aB-446561-563 | ||
| 020 |
_a9788130914527 _c195.00 |
||
| 035 | _aB-446561-563 | ||
| 037 | _bBlue Berry/Ven | ||
| 082 | _a883.092 | ||
| 100 |
_aThieme ,John _943602 |
||
| 245 |
_aR.K.Narayan / _cby John Thieme |
||
| 260 |
_aNew Delhi _bViva Books _c2011(repr.) |
||
| 270 |
_a4737/23, Ansari Road Darya Ganj, _bNewDelhi _e110002 _k011-42242200 _mvivadelhi@vivagroupindia.net |
||
| 300 |
_axiii,249p. _b20cm(pbk) |
||
| 700 | _943266 | ||
| 942 |
_2ddc _cEN _mTHI _h883.092 |
||
| 999 |
_c63639 _d63639 |
||